| 000 | 00352nam a2200145 a 4500 | ||
|---|---|---|---|
| 001 | 1157 | ||
| 003 | CDMR | ||
| 005 | 20130116135201.0 | ||
| 008 | 130130s1989||||||||||||||||||||||||||||d | ||
| 040 |
_aCDMR _bcat _cCDMR |
||
| 100 | 1 |
_aXuriguera, Joan Baptista _9906 |
|
| 245 | 1 | 4 | _aEls verbs catalans conjugats |
| 260 |
_aBarcelona _c1989 _bClaret |
||
| 942 | _cMON | ||
| 999 |
_c1157 _d1157 |
||